00276nam a2200121Ia 4500008004100000082001300041100002000054245002600074250000900100260002800109300000900137650000800146191201s2005 xx 000 0 und d a657bGUM aGUPTA, Shashi K 0aManagement Accounting a10th aN. DelhibKalyanic2005 aMISC aMBA